| 000 | 00836nam a22002297a 4500 | ||
|---|---|---|---|
| 999 |
_c7341 _d7341 |
||
| 003 | AR-CdUCM | ||
| 008 | 190320b ||||| |||| 00| 0 spa d | ||
| 020 | _a0-582-32318-5 | ||
| 040 |
_aMUNICIPALIDAD PROVINCIAL DEL CUSCO _cBIBLIOTECA MUNICIPAL DEL CUSCO |
||
| 082 |
_a508 / _bG81 |
||
| 100 |
_aGrenville, H.W _919053 |
||
| 245 | _aBiología del individuo / | ||
| 260 |
_aMadrid, _bAlhmbra, _c1975. |
||
| 300 |
_a432 paginas ; _c20 cm. |
||
| 505 | _aContenido :La evolución de las plantas y animales multicelulares -- El parentesco del individuo -- Organismos y el agua -- La alimentación del individuo -- La capacidad de reacción en los animales ... | ||
| 650 |
_aBiología _9881 |
||
| 650 |
_aQuímica _94512 |
||
| 650 |
_aFísica _92382 |
||
| 700 |
_aSalas Ortueta, Esteban de _920685 |
||
| 942 |
_2ddc _cLIBROS |
||
| 945 | _arum | ||